000 00679cab a2200217 4500
001 WB3407-08
008 090401t1998 xxu||||| |||| 00| 0 eng d
035 _a(Sirsi) u84354
041 _aeng
245 _aComfortable buildings unhealthy
260 _c1998
350 _a0
490 _aArchitects` Journal
_v12 February 1998, 13(1)
520 _aA top building academic believes comfortable buildings are bad for the health, as with every 1 degree temperature rise the health risks rise by sever per cent.
650 _aHEALTH ISSUES
650 _aOFFICES
650 _aTEMPERATURE CONTROL
690 _aBlock management
_96220
942 _n0
948 _c19/02/1998
999 _c53015
_d53015